<?xml version="1.0" encoding="UTF-8"?>
<record
    xmlns:xsi="http://www.w3.org/2001/XMLSchema-instance"
    xsi:schemaLocation="http://www.loc.gov/MARC21/slim http://www.loc.gov/standards/marcxml/schema/MARC21slim.xsd"
    xmlns="http://www.loc.gov/MARC21/slim">

  <leader>01644nam a22002537a 4500</leader>
  <datafield tag="999" ind1=" " ind2=" ">
    <subfield code="c">21377</subfield>
    <subfield code="d">21377</subfield>
  </datafield>
  <controlfield tag="003">AR-CdUCM</controlfield>
  <controlfield tag="008">190319b           ||||| |||| 00| 0 spa d</controlfield>
  <datafield tag="020" ind1=" " ind2=" ">
    <subfield code="a">9786073222372</subfield>
  </datafield>
  <datafield tag="040" ind1=" " ind2=" ">
    <subfield code="a">MUNICIPALIDAD PROVINCIAL DEL CUSCO</subfield>
    <subfield code="c">BIBLIOTECA MUNICIPAL DEL CUSCO</subfield>
  </datafield>
  <datafield tag="082" ind1=" " ind2=" ">
    <subfield code="a">541/B26</subfield>
    <subfield code="b">B26</subfield>
    <subfield code="2">Decimosegunda</subfield>
  </datafield>
  <datafield tag="100" ind1=" " ind2=" ">
    <subfield code="a">Brown, Theodore L</subfield>
  </datafield>
  <datafield tag="245" ind1=" " ind2=" ">
    <subfield code="a">Qu&#xED;mica la ciencia central /</subfield>
  </datafield>
  <datafield tag="260" ind1=" " ind2=" ">
    <subfield code="a">M&#xE9;xico ;</subfield>
    <subfield code="b">Pearson,</subfield>
    <subfield code="c">2014.</subfield>
  </datafield>
  <datafield tag="300" ind1=" " ind2=" ">
    <subfield code="a">1200 P&#xE1;ginas. :</subfield>
    <subfield code="b">ilustraciones en color ;</subfield>
    <subfield code="c">21.5 x 27.5 cm.</subfield>
  </datafield>
  <datafield tag="505" ind1=" " ind2=" ">
    <subfield code="a">Contenido: Introducci&#xF3;n Materia y Medici&#xF3;n -- &#xC1;tomos mol&#xE9;culas y Iones -- Estequiometr&#xED;a c&#xE1;lculos con f&#xF3;rmulas y ecuaciones qu&#xED;micas -- Reacciones en disoluciones acuosas -- Termoqu&#xED;mica -- Estructura electr&#xF3;nica de los &#xE1;tomos -- Propiedades peri&#xF3;dicas de los elementos -- Conceptos b&#xE1;sicos de los enlaces qu&#xED;micos -- Geometr&#xED;a molecular y teor&#xED;as de enlaces -- Gases -- L&#xED;quidos y fuerzas intermoleculares -- S&#xF3;lidos y nuevos materiales -- Propiedades de la disoluci&#xF3;n -- Cin&#xE9;tica Qu&#xED;mica -- Equilibrio qu&#xED;mico -- Equilibrios &#xE1;cidos base -- Aspectos adicionales del equilibrio acuoso -- Qu&#xED;mica del medio ambiente -- Termo din&#xE1;mica Qu&#xED;mica -- Electroqu&#xED;mica -- Qu&#xED;mica nuclear -- Qu&#xED;mica de los no metales -- Metales de transici&#xF3;n y la Qu&#xED;mica de coordinaci&#xF3;n -- La Qu&#xED;mica de la vida Qu&#xED;mica org&#xE1;nica y Biolog&#xED;a. </subfield>
  </datafield>
  <datafield tag="650" ind1=" " ind2=" ">
    <subfield code="a">Qu&#xED;mica </subfield>
    <subfield code="9">4512</subfield>
  </datafield>
  <datafield tag="650" ind1=" " ind2=" ">
    <subfield code="a">Ciencia</subfield>
    <subfield code="9">2098</subfield>
  </datafield>
  <datafield tag="650" ind1=" " ind2=" ">
    <subfield code="a">Qu&#xED;mica nuclear</subfield>
    <subfield code="9">44591</subfield>
  </datafield>
  <datafield tag="650" ind1=" " ind2=" ">
    <subfield code="a">Qu&#xED;mica del medio ambiente</subfield>
    <subfield code="9">44592</subfield>
  </datafield>
  <datafield tag="700" ind1=" " ind2=" ">
    <subfield code="a">H. Eugene Lemay</subfield>
    <subfield code="9">44593</subfield>
  </datafield>
  <datafield tag="700" ind1=" " ind2=" ">
    <subfield code="a">Catherine J. Murphy</subfield>
    <subfield code="9">44594</subfield>
  </datafield>
  <datafield tag="942" ind1=" " ind2=" ">
    <subfield code="2">ddc</subfield>
    <subfield code="c">LIBROS</subfield>
  </datafield>
  <datafield tag="945" ind1=" " ind2=" ">
    <subfield code="a">Roel</subfield>
  </datafield>
  <datafield tag="952" ind1=" " ind2=" ">
    <subfield code="0">0</subfield>
    <subfield code="2">ddc</subfield>
    <subfield code="4">0</subfield>
    <subfield code="7">0</subfield>
    <subfield code="a">SC</subfield>
    <subfield code="b">SC</subfield>
    <subfield code="c">CART</subfield>
    <subfield code="d">2020-03-04</subfield>
    <subfield code="e">Compra</subfield>
    <subfield code="g">50.00</subfield>
    <subfield code="o">541/B26</subfield>
    <subfield code="p">SC0000002199</subfield>
    <subfield code="r">2020-03-04</subfield>
    <subfield code="y">LIBROS</subfield>
  </datafield>
  <datafield tag="952" ind1=" " ind2=" ">
    <subfield code="0">0</subfield>
    <subfield code="2">ddc</subfield>
    <subfield code="4">0</subfield>
    <subfield code="7">0</subfield>
    <subfield code="a">SC</subfield>
    <subfield code="b">SC</subfield>
    <subfield code="c">CART</subfield>
    <subfield code="d">2020-03-04</subfield>
    <subfield code="e">Compra</subfield>
    <subfield code="g">50.00</subfield>
    <subfield code="o">541/B26/e.2</subfield>
    <subfield code="p">SC0000002200</subfield>
    <subfield code="r">2020-03-04</subfield>
    <subfield code="y">LIBROS</subfield>
  </datafield>
</record>
